Top 10 des mammifères avec les plus grandes populations - Statistiques

Statistiques générales
  • Ce quiz a été pris 83 fois
  • Le résultat moyen est 5 sur 10
Statistiques - réponses
Nombre d'individus Réponse % Correct
7 à 10 Milliards Souris
81%
900 Millions à 1 Milliards Chiens
60%
600 à 900 Millions Chats
58%
7 à 8 Milliards Rats
58%
1,5 Milliards Bovins
57%
8 Milliards Humains
47%
1,2 Milliards Moutons
47%
1,4 Milliards Porcs
46%
1 Milliards Chèvres
36%
1 à 2 Milliards Chauve-souris
21%
Aucun quiz correspondant
Distribution des résultats
% des personnes avec chaque résultat
Percentile par nombre de réponses
Votre historique - résultats
Vous n’avez pas pris ce quiz